Eastern Utah Libraries Catalog: Duchesne, Heber, Roosevelt, & Vernal

La llorona / (Record no. 379726)

MARC details
000 -LEADER
fixed length control field 04606cgm a2200829 i 4500
001 - CONTROL NUMBER
control field 1341684252
005 - DATE AND TIME OF LATEST TRANSACTION
control field 20221221122509.0
007 - PHYSICAL DESCRIPTION FIXED FIELD--GENERAL INFORMATION
fixed length control field vd cvaizs
008 - FIXED-LENGTH DATA ELEMENTS--GENERAL INFORMATION
fixed length control field 220822p20222019xxu096 e vlspa d
020 ## - INTERNATIONAL STANDARD BOOK NUMBER
International Standard Book Number 9781681439884
020 ## - INTERNATIONAL STANDARD BOOK NUMBER
International Standard Book Number 1681439883
024 10 - OTHER STANDARD IDENTIFIER
Standard number or code 715515278218
024 7# - OTHER STANDARD IDENTIFIER
Standard number or code 00715515278218
Source of number or code gtin-14
028 42 - PUBLISHER NUMBER
Publisher number 15265659
028 42 - PUBLISHER NUMBER
Publisher number CC3412DDVD
Source The Criterion Collection
035 ## - SYSTEM CONTROL NUMBER
System control number (OCoLC)1341684252
Canceled/invalid control number (OCoLC)1343159133
-- (OCoLC)1346439285
-- (OCoLC)1346580073
035 ## - SYSTEM CONTROL NUMBER
System control number 2379930
035 ## - SYSTEM CONTROL NUMBER
System control number (MWT)on1341684252
035 ## - SYSTEM CONTROL NUMBER
System control number (OCoLC)on1341684252
037 ## - SOURCE OF ACQUISITION
Stock number 15265659
037 ## - SOURCE OF ACQUISITION
Source of stock number/acquisition Midwest Tape
Note http://www.midwesttapes.com
040 ## - CATALOGING SOURCE
Original cataloging agency TEFMT
Language of cataloging eng
Description conventions rda
Transcribing agency TEFMT
Modifying agency TEF
-- OCLCF
-- TEFMT
-- JTH
-- TOH
-- DYJ
-- KCK
-- JRI
-- GK8
-- RB0
-- DPL
041 1# - LANGUAGE CODE
Language code of text/sound track or separate title spa
Language code of original and/or intermediate translations of text spa
043 ## - GEOGRAPHIC AREA CODE
Geographic area code ncgt---
046 ## - SPECIAL CODED DATES
Beginning or single date created 2019
050 #4 - LIBRARY OF CONGRESS CALL NUMBER
Classification number PN1997.2
Item number .I46 2022
082 04 - DEWEY DECIMAL CLASSIFICATION NUMBER
Classification number 791.43/72
Edition number 23/eng/20220823
092 ## - LOCALLY ASSIGNED DEWEY CALL NUMBER (OCLC)
Classification number Nonfiction DVD
099 ## - LOCAL FREE-TEXT CALL NUMBER (OCLC)
Classification number DVD
-- SPANISH
-- L
245 03 - TITLE STATEMENT
Title La llorona /
Statement of responsibility, etc La Casa de Producción ; en coproducción con Les Films du Volcan presentan ; una película de Jayro Bustamante ; guión, Jayro Bustamante, Lisandro Sanchez ; productores, Jayro Bustamante, Gustavo Matheu, Georges Renand, Marina Peralta ; dirección, Jayro Bustamante.
257 ## - COUNTRY OF PRODUCING ENTITY FOR ARCHIVAL FILMS
Country of producing entity Guatemala
-- France
264 #1 - Production, Publication, Distribution, Manufacture, and Copyright Notice.
Place of production, publication, distribution, manufacture [United States] :
Name of producer, publisher, distributor, manufacturer The Criterion Collection,
Date of production, publication, distribution, manufacture, or copyr [2022]
300 ## - PHYSICAL DESCRIPTION
Extent 1 videodisc (96 min.) ;
Dimensions 4 3/4 in.
336 ## - Content Type
Content type term two-dimensional moving image
337 ## - Media type
Media type term video
338 ## - Carrier type
Carrier type term videodisc
490 1# - SERIES STATEMENT
Series statement The Criterion collection ;
Volume number/sequential designation 1156.
500 ## - GENERAL NOTE
General note Special features: 2K digital master; New interview; Documentary on the making of the film; Trailer; Essay.
508 ## - CREATION/PRODUCTION CREDITS NOTE
Creation/production credits note Director of photography, Nicolás Wong Díaz; editing, Gustavo Matheu, Jayro Bustamante; music, Pascual Reyes.
511 1# - PARTICIPANT OR PERFORMER NOTE
Participant or performer note Maria Mercedes Coroy, Sabrina De La Hoz, Margarita Kénefic, Julio Díaz, María Telón.
520 ## - SUMMARY, ETC.
Summary, etc A country's bloody history stains the present in the Guatemalan auteur Jayro Bustamante's transfixing fusion of folk horror and searing political commentary, inspired by the real-life indictment of the authoritarian Efraín Ríos Montt for crimes against humanity. A notorious, now aging former military dictator stands trial for atrocities committed against Guatemala's Mayan communities. While battling legal repercussions and the people's demands for justice, he and his family are plagued by a series of increasingly strange and disturbing occurrences, seemingly brought on by an enigmatic new housekeeper. With a restraint that renders the film's shocks all the more potent, Bustamante crafts a chilling vision of a national reckoning with collective harms and the restless ghosts of a past that refuses to die. Spoken in Spanish, IXIL, and Kaqchikel with English subtitles.
538 ## - SYSTEM DETAILS NOTE
System details note DVD, wide screen (2.39:1 aspect ratio); 5.1 Dolby Digital; surround.
540 ## - TERMS GOVERNING USE AND REPRODUCTION NOTE
Terms governing use and reproduction For private home use only.
546 ## - LANGUAGE NOTE
Language note Spanish dialogue; English subtitles.
546 ## - LANGUAGE NOTE
Language note In Spanish with English subtitles.
546 ## - LANGUAGE NOTE
Language note Closed captioned for the hearing impaired.
650 #0 - SUBJECT ADDED ENTRY--TOPICAL TERM
Topical term or geographic name as entry element Genocide
Geographic subdivision Guatemala
Chronological subdivision 20th century
Form subdivision Drama.
9 (RLIN) 6460004
650 #0 - SUBJECT ADDED ENTRY--TOPICAL TERM
Topical term or geographic name as entry element War crimes
Geographic subdivision Guatemala
General subdivision History
Chronological subdivision 20th century
Form subdivision Drama.
9 (RLIN) 6460005
655 #7 - INDEX TERM--GENRE/FORM
Genre/form data or focus term Horror films.
Source of term lcgft.
655 #7 - INDEX TERM--GENRE/FORM
Genre/form data or focus term Feature films.
Source of term lcgft.
655 #7 - INDEX TERM--GENRE/FORM
Genre/form data or focus term Fiction films.
Source of term lcgft.
655 #7 - INDEX TERM--GENRE/FORM
Genre/form data or focus term Historical films.
Source of term lcgft.
655 #0 - INDEX TERM--GENRE/FORM
Genre/form data or focus term Foreign films.
655 #0 - INDEX TERM--GENRE/FORM
Genre/form data or focus term Video recordings for the hearing impaired.
700 1# - ADDED ENTRY--PERSONAL NAME
Personal name Coroy, María Mercedes,
Relator term actor.
9 (RLIN) 6460006
700 1# - ADDED ENTRY--PERSONAL NAME
Personal name Hoz, Sabrina de la,
Relator term actor.
9 (RLIN) 6460007
700 1# - ADDED ENTRY--PERSONAL NAME
Personal name Kénefic, Margarita,
Relator term actor.
9 (RLIN) 6460008
700 1# - ADDED ENTRY--PERSONAL NAME
Personal name Telón, María,
Relator term actor.
9 (RLIN) 6460009
700 1# - ADDED ENTRY--PERSONAL NAME
Personal name Bustamante, Jayro,
Relator term screenwriter,
-- film director,
-- film producer,
-- editor of moving image work.
9 (RLIN) 6460010
700 1# - ADDED ENTRY--PERSONAL NAME
Personal name Sanchez, Lisandro,
Relator term screenwriter.
9 (RLIN) 6460011
700 1# - ADDED ENTRY--PERSONAL NAME
Personal name Matheu, Gustavo,
Relator term film producer,
-- editor of moving image work.
9 (RLIN) 6460012
700 1# - ADDED ENTRY--PERSONAL NAME
Personal name Renand, Georges,
Relator term film producer.
9 (RLIN) 6460013
700 1# - ADDED ENTRY--PERSONAL NAME
Personal name Peralta, Marina,
Relator term film producer.
9 (RLIN) 6460014
700 1# - ADDED ENTRY--PERSONAL NAME
Personal name Reyes, Pascual,
Relator term composer (expression)
9 (RLIN) 6460015
710 1# - ADDED ENTRY--CORPORATE NAME
Corporate name or jurisdiction name as entry element Guatemala.
Subordinate unit Ministerio de Cultura y Deporte,
Relator term production company.
9 (RLIN) 6460016
710 2# - ADDED ENTRY--CORPORATE NAME
Corporate name or jurisdiction name as entry element Casa de Producción (Firm),
Relator term production company.
9 (RLIN) 6460017
710 2# - ADDED ENTRY--CORPORATE NAME
Corporate name or jurisdiction name as entry element Films du Volcan,
Relator term production company.
9 (RLIN) 6460018
710 2# - ADDED ENTRY--CORPORATE NAME
Corporate name or jurisdiction name as entry element Criterion Collection (Firm),
Relator term publisher.
9 (RLIN) 64722
830 #0 - SERIES ADDED ENTRY--UNIFORM TITLE
Uniform title Criterion collection ;
Volume number/sequential designation 1156.
9 (RLIN) 40512
907 ## - LOCAL DATA ELEMENT G, LDG (RLIN)
a .b469332220
942 ## - ADDED ENTRY ELEMENTS (KOHA)
Source of classification or shelving scheme Dewey Decimal Classification
Koha item type DVD
Holdings
Withdrawn status Lost status Source of classification or shelving scheme Damaged status Not for loan Collection code Home library Current library Shelving location Date acquired Source of acquisition Total Checkouts Full call number Barcode Date last seen Date checked out Cost, replacement price Price effective from Koha item type
    Dewey Decimal Classification     Movies Wasatch County Library Wasatch County Library Audio Visual Area 12/21/2022 Micromarketing 3 DVD 791.43 La 34301001897695 03/07/2024 03/30/2023 22.99 12/21/2022 DVD
This project was made possible through a grant from the Institute of Museum and Library Service administered by the Utah State Library Division.

Wasatch County Library

  • 465 East 1200 South, Heber City, Utah 84032
  • Phone 435-654-1511 | Fax 435-654-6456

Hours

  • Monday - Friday 9:30 AM - 8:00 PM
  • Saturday 9:30 AM - 1:30 PM
  • Closed Sundays and Holidays